000 00431nam a2200145Ia 4500
008 230917s9999||||xx |||||||||||||| ||und||
040 _e183432
_aMAIN
041 _aEnglish
082 _a327.42 D659W:D(9)
100 _aWoodward, E L, ed.
245 0 _aDocuments on British foreign policy 1919-1939. Third series. V9- 1939
260 _aLondon
_bHer Majesty's Stationery Office
_c1975
300 _alxxxiii, 539 p.
942 _cBK
999 _c229456
_d229456